Statistics for Poland Multiple Choice

Click here to take the quiz!

General Stats

  • This quiz has been taken 276 times
    (275 since last reset)
  • The average score is 10 of 15

Answer Stats

QuestionAnswer% Correct
What applies to around 90% of the Polish population?They are Catholic.
89%
What are pierogi?Dumplings
88%
What was the Solidarity movement opposed to?The Communist regime
82%
Who is Donald Tusk?The President of the European Council and former Polish PM
82%
How many people approximately live in Poland?40 million
78%
What is remarkable about the time between 1795 and 1918?Poland did not exist as a sovereign country.
77%
Which of these rivers passes through Poland?Vistula
75%
Who lived in present-day Polish city Toruń?Nicolaus Copernicus
74%
Which of these people was not Polish?Franz Kafka
72%
Whose native language was Polish?Joseph Conrad
59%
Regarding pronounciation, which letter from the English alphabet is most similar to the Polish letter ł?w
59%
What is King John III. Sobieski's most notable feat?Defeating the Turks at the Battle of Vienna
58%
Which book did Henryk Sienkiewicz write?Quo Vadis
57%
Which historical event is known as "Potop", or "Deluge"?The devastating invasion of the Swedish army
49%
Which of these movies was made by a Polish director?Chinatown
23%

Score Distribution

Percentile by Number Answered

Percent of People with Each Score

Your Score History

You have not taken this quiz since the last reset